| 000 | 01631cam a2200325 4500 | ||
|---|---|---|---|
| 001 | ##L131371 | ||
| 002 | ##9180 | ||
| 008 | 051026n2005 000 0 eng u | ||
| 020 | _a0421918802 | ||
| 035 | _a(Sirsi) u131371 | ||
| 041 | 0 | _aeng | |
| 050 | 0 | 4 | _a346.4104342 $2 18 |
| 100 | 1 | _aWebber, Gary | |
| 245 | 0 | 0 | _aResidential Possession Proceedings |
| 250 | _a7th ed. | ||
| 260 |
_aLondon _bSweet and Maxwell _c2005 |
||
| 300 |
_alxxxviii, 737p _c22cm. |
||
| 350 | _a85 | ||
| 505 | 2 | _aTermination and the right to possession - - termination and the right to possession particular cases - - the proceedings for possession | |
| 520 | _aThis new edition includes chapters on anti-social behaviour and demoted tenancies; guidance on the updated Civil Procedure Rules, together with updated CPR forms, including forms for demoted tenancy proceedings; the effects of the Commonhold and Leasehold Reform Act 2002 and the Land Registration Act 2002; the human rights implications of the HL decision in "Harrow LBC v Qazi" ([2003] UKHL 43, ABS67176) and coverage of other recent case law; unfair terms in tenancy agreements; and advice on how to deal with discrimination issues that arise when dealing with possession against those classified as disabled. | ||
| 520 | _aSupercedes 6th ed. (ISBN 0421764104) | ||
| 590 | _aIKA170106 | ||
| 650 | 2 | 4 | _aCIVIL PROCEDURE RULES |
| 650 | 2 | 4 | _aCOMMONHOLD AND LEASEHOLD REFORM ACT 2002 |
| 650 | 2 | 4 | _aLAND REGISTRATION ACT 2002 |
| 650 | 2 | 4 | _aHARROW LBC V QAZI |
| 690 | _aPROPERTY-RESIDENTIAL PROPERTY-RESIDENTIAL LANDLORD AND TENANT | ||
| 700 | 1 | _aDovar, Daniel | |
| 942 | _n0 | ||
| 999 |
_c104730 _d104730 |
||